AH International Schools' Libraries

Macmillan Mathematics 1B: Pupil's Book (Record no. 48966)

MARC details
000 -LEADER
fixed length control field 00361nam a22001217a 4500
008 - FIXED-LENGTH DATA ELEMENTS--GENERAL INFORMATION
fixed length control field 250630b |||||||| |||| 00| 0 eng d
020 ## - INTERNATIONAL STANDARD BOOK NUMBER
International Standard Book Number 9780230028159
100 ## - MAIN ENTRY--PERSONAL NAME
Personal name Paul Broadbent (Author)
9 (RLIN) 86350
245 ## - TITLE STATEMENT
Title Macmillan Mathematics 1B: Pupil's Book
260 ## - PUBLICATION, DISTRIBUTION, ETC. (IMPRINT)
Place of publication, distribution, etc UK
Name of publisher, distributor, etc Macmillan Education
Date of publication, distribution, etc 2009
300 ## - PHYSICAL DESCRIPTION
Extent 112 p
Other physical details col. ill.
Dimensions 21.6 x 0.5 x 27.5 cm
942 ## - ADDED ENTRY ELEMENTS (KOHA)
Source of classification or shelving scheme
Holdings
Withdrawn status Lost status Source of classification or shelving scheme Damaged status Not for loan Collection code Home library Current library Date acquired Total Checkouts Full call number Barcode Date last seen Price effective from Koha item type
          Non-Fiction Asian Hope Siem Reap Asian Hope Siem Reap 06/30/2025   NFIC PAU 208246 06/30/2025 06/30/2025 Book

For any Logos Library related questions please contact Miss Art at swongnarasuk@asianhope.org.

For any Asian Hope Library related questions please contact Miss Raza at graza@asianhope.org.

Click here to explore our ebooks!

Powered by Koha